| 000 -LEADER |
| fixed length control field |
00984cam a2200241 i 4500 |
| 001 - CONTROL NUMBER |
| control field |
4159861 |
| 003 - CONTROL NUMBER IDENTIFIER |
| control field |
OSt |
| 005 - DATE AND TIME OF LATEST TRANSACTION |
| control field |
20240910131625.0 |
| 008 - FIXED-LENGTH DATA ELEMENTS--GENERAL INFORMATION |
| fixed length control field |
780216s1977 enkh 000 0 eng |
| 010 ## - LIBRARY OF CONGRESS CONTROL NUMBER |
| LC control number |
78300013 |
| 020 ## - INTERNATIONAL STANDARD BOOK NUMBER |
| International Standard Book Number |
9780192810892 |
| 040 ## - CATALOGING SOURCE |
| Original cataloging agency |
DLC |
| Transcribing agency |
DLC |
| Modifying agency |
DLC |
| -- |
KH8 |
| 082 00 - DEWEY DECIMAL CLASSIFICATION NUMBER |
| Classification number |
821.7 BLA |
| 100 1# - MAIN ENTRY--PERSONAL NAME |
| Personal name |
Blake, William, |
| Dates associated with a name |
1757-1827. |
| 245 10 - TITLE STATEMENT |
| Title |
Songs of innocence and of experience : |
| Remainder of title |
shewing the two contrary states of the human soul 1789-1794 / |
| Statement of responsibility, etc. |
W. Blake ; [with an introd. and commentary by Geoffrey Keynes. |
| 260 ## - PUBLICATION, DISTRIBUTION, ETC. |
| Place of publication, distribution, etc. |
London ; |
| -- |
New York : |
| Name of publisher, distributor, etc. |
Oxford University Press, |
| Date of publication, distribution, etc. |
1977. |
| 300 ## - PHYSICAL DESCRIPTION |
| Extent |
155 p. : |
| Other physical details |
col. ill ; |
| Dimensions |
21 cm. |
| 520 ## - SUMMARY, ETC. |
| Summary, etc. |
Reproduces the texts and the fifty-four hand-colored etchings of Blake's famous and now much sought-after double volume of lyrics. |
| 650 ## - SUBJECT ADDED ENTRY--TOPICAL TERM |
| Topical term or geographic name entry element |
Illustrated works |
| 700 1# - ADDED ENTRY--PERSONAL NAME |
| Personal name |
Keynes, Geoffrey, |
| Dates associated with a name |
1887-1982. |
| 856 42 - ELECTRONIC LOCATION AND ACCESS |
| Materials specified |
Publisher description |
| Uniform Resource Identifier |
<a href="http://www.loc.gov/catdir/enhancements/fy0603/78300013-d.html">http://www.loc.gov/catdir/enhancements/fy0603/78300013-d.html</a> |
| 942 ## - ADDED ENTRY ELEMENTS (KOHA) |
| Source of classification or shelving scheme |
|
| Koha item type |
Teaching Resources |